Continuities in the sociology of religion (Record no. 29176)
[ view plain ]
| 000 -LEADER | |
|---|---|
| fixed length control field | 00293nam a2200109Ia 4500 |
| 082 ## - DEWEY DECIMAL CLASSIFICATION NUMBER | |
| Classification number | 012.5430556 |
| Item number | WIN |
| 100 ## - MAIN ENTRY--AUTHOR NAME | |
| Personal name | Winter, B J |
| 245 #0 - TITLE STATEMENT | |
| Title | Continuities in the sociology of religion |
| 260 ## - PUBLICATION, DISTRIBUTION, ETC. (IMPRINT) | |
| Place of publication | New York |
| Name of publisher | Harper & Row |
| Year of publication | 1977 |
| 942 ## - ADDED ENTRY ELEMENTS (KOHA) | |
| Koha item type | Books |
| Withdrawn status | Lost status | Damaged status | Not for loan | Home library | Current library | Date acquired | Cost, normal purchase price | Full call number | Accession Number | Koha item type |
|---|---|---|---|---|---|---|---|---|---|---|
| RRII Library | RRII Library | 16/12/2021 | 11.95 | 012.5430556 WIN | 09766 | Books |